000 00866nam a2200289Ia 4500
003 OSt
005 20221007110521.0
006 a|||||r|||| 00| 0
007 ta
008 221006b |||||||| |||| 00| 0 eng d
020 _a0669013633
024 _a21,264
037 _cTextual
040 _aLCO
_cLCO
_beng
041 _2eng
_aeng
082 _aY:45.73, L7
100 _aWildhorn Sorrel
_9707595
245 0 _aIndicators of Justice
260 _aToronto
_bLexington Books Canada
_c1977
300 _a321
500 _aMeasuring the Performance of Prosecution, Defense, and Court Agencies Involved in Felony Proceedings
650 _aJUSTICE
700 _a Lavin Marvin
_9707596
700 _a Pascal Anthony
_9707597
942 _hY:45.73, L7
_cTEXL
999 _c1190827
_d1190827